The assassin and the dahlia / (Record no. 40812)

MARC details
000 -LEADER
fixed length control field 00642nam a22002057a 4500
005 - DATE AND TIME OF LATEST TRANSACTION
control field 20100810164052.0
010 ## - LCCN (DPL NO)
LC control number ENG-99219
020 ## - INTERNATIONAL STANDARD BOOK NUMBER
Terms of availability 100.00
035 ## - SYSTEM CONTROL NUMBER
System control number 82751
037 ## - SOURCE OF ACQUISITION
Source of stock number/acquisition DBAD/PUB
082 ## - DEWEY DECIMAL CLASSIFICATION NUMBER
Classification number 881
100 ## - MAIN ENTRY--PERSONAL NAME
Personal name Choudhuri, Pradip
245 ## - TITLE STATEMENT
Title The assassin and the dahlia /
Statement of responsibility, etc by Pradip Choudhuri
260 ## - PUBLICATION, DISTRIBUTION, ETC. (IMPRINT)
Place of publication, distribution, etc Calcutta
Name of publisher, distributor, etc Edition PPHOO
Date of publication, distribution, etc 2006
270 ## - ADDRESS
Address 73 Regent Estate
City Calcutta
Postal code 700092
300 ## - PHYSICAL DESCRIPTION
Extent 104p.
Dimensions 21cm (pbk)
650 ## - SUBJECT ADDED ENTRY--TOPICAL TERM
Topical term or geographic name as entry element English Poetry
942 ## - ADDED ENTRY ELEMENTS (KOHA)
Source of classification or shelving scheme Dewey Decimal Classification
Item type English Books
Classification part 881
Call number suffix CHO
Holdings
Withdrawn status Lost status Not for loan Collection code Home library Current library Date acquired Source of acquisition Cost, normal purchase price Full call number Barcode Copy number Cost, replacement price Koha item type
    Not For Loan Non-fiction D.B.Act.Division D.B.Act.Division 10/08/2010 DBAD/PUB 100.00 881 CHO EN-82751 1 100.00 English Books

© Delhi Public Library
Hit Counter
free hit counter